| 000 | 01152nam0a22002891 4500 | ||
|---|---|---|---|
| 001 | rc\3789845 | ||
| 005 | 20120311163552.9 | ||
| 021 |
_aRU _b[76-67336] |
||
| 035 | _a(NLR Aleph) 007251628 | ||
| 090 |
_a5211596 _c5211596 |
||
| 100 | _a20120311d19751976|||y0rusy50 ca | ||
| 101 | 0 | _arus | |
| 102 | _aRU | ||
| 105 | _ay g ||||| | ||
| 200 | 1 |
_aСправочное пособие по пожарной тактике _e[Учеб. пособие _fП.Г. Демидов, Н.М. Евтюшкин, В.Д. Ледовских и др.] _gВысш. инж. пожарно-техн. школа МВД СССР |
|
| 210 |
_aМосква _cБ. и. _d1975 (вып. дан. 1976) |
||
| 215 |
_a176 с. _d20 |
||
| 606 |
_aПожары _xТушение _2psbo |
||
| 701 | 1 |
_aЕвтюшкин _bН. М. |
|
| 701 | 1 |
_aЛедовских _bВ. Д. |
|
| 701 | 1 |
_aДемидов _bП. Г. _gПетр Георгиевич |
|
| 712 | 0 | 2 |
_aВысшая инженерная пожарно-техническая школа _cМосква _3RU\NLR\AUTH\8810070764 |
| 801 | 0 |
_aRU _bNLR _gpsbo |
|
| 801 | 1 |
_aRU _bELAR _2rusmarc |
|
| 852 |
_aNLR _j77-3/1083 |
||
| 942 | _cBOOK | ||
| 980 | _aNB | ||